000 01272nam0a22003011 4500
001 rc\3201732
005 20260407011836.0
021 _aRU
_b76-86498
021 _aRU
_bРг117-77
035 _a(NLR Aleph) 007346184
090 _a6160866
_c6160866
100 _a20120628d1976 |||y0rusy50 ca
101 0 _arus
102 _aRU
105 _aa z |||||
200 1 _aРуководство по апробации сельскохозяйственных культур в Амурской области
_eМетод. рекомендации
_fВсесоюз. акад. с.-х. наук им. В.И. Ленина. Сиб. отд-ние Всерос. НИИ сои
210 _aНовосибирск
_cБ. и.
_d1976
215 _a103, [10] с.
_cил.
_d20
300 _aНа обороте тит. л. авт.: Л.К. Малыш, Т.П. Рязанцева, А.А. Лебезов [и др.]
701 1 _aРязанцева
_bТ.П.
701 1 _aЛебезов
_bА.А.
701 1 _aМалыш
_bЛ.К.
_gЛидия Карповна
712 0 2 _aВсероссийский НИИ сои
_cБлаговещенск
_3RU\NLR\AUTH\889999302
_9496015
801 0 _aRU
_bNLR
_gpsbo
801 1 _aRU
_bELAR
_2rusmarc
852 _aNLR
_j77-3/178
942 _cBOOK
980 _aNB